[Event "Sao Paulo STD U2200 op 2nd"]
[Site "Sao Paulo"]
[Date "2018.09.08"]
[Round "1"]
[White "Nunes, Bruno Rossa"]
[Black "Machado, Antonio Rodrigo"]
[Result "1-0"]
[WhiteElo "1459"]
[BlackElo "1738"]
[PlyCount "93"]
[EventDate "2018.09.08"]
[EventType "swiss"]
[EventRounds "6"]
[EventCountry "BRA"]
[SourceTitle "EXT 2021"]
[Source "ChessBase"]
[SourceDate "2020.10.23"]
[SourceVersion "1"]
[SourceVersionDate "2020.10.23"]
[SourceQuality "1"]

1. d4 Nf6 2. c4 e6 3. Nc3 d5 4. cxd5 exd5 5. Bg5 Be7 6. e3 c6 7. Bd3 0-0 8. Qc2 g6 9. Nf3 Nh5 10. Bxe7 Qxe7 11. 0-0 f5 12. Rfe1 Nf6 13. Rab1 Nbd7 14. b4 b5 15. Ne2 Bb7 16. Nc1 Ne4 17. Nb3 Rac8 18. Nc5 Nexc5 19. bxc5 a5 20. Bxb5 cxb5 21. Rxb5 Bc6 22. Rxa5 Ra8 23. Qc3 Qd8 24. Rxa8 Qxa8 25. Ra1 Qa4 26. h3 Rb8 27. Ne1 Bb5 28. Qb3 Qa8 29. a4 Bc4 30. Qc3 Rb3 31. Qd2 Nb8 32. f4 Nc6 33. Nf3 Qb7 34. Ne5 Rb2 35. Qc1 Na5 36. c6 Rxg2+ 37. Kxg2 Nxc6 38. Nxc4 dxc4 39. Qxc4+ Kg7 40. Kg3 h5 41. Rc1 h4+ 42. Kf2 Qb4 43. Qxb4 Nxb4 44. Ke2 Kf7 45. Ra1 Ke6 46. a5 Na6 47. Rb1 1-0

[Event "Sao Paulo STD U2200 op 2nd"]
[Site "Sao Paulo"]
[Date "2018.09.08"]
[Round "3"]
[White "Rocha, Anderson Rosendo"]
[Black "Machado, Antonio Rodrigo"]
[Result "0-1"]
[WhiteElo "1654"]
[BlackElo "1738"]
[PlyCount "82"]
[EventDate "2018.09.08"]
[EventType "swiss"]
[EventRounds "6"]
[EventCountry "BRA"]
[SourceTitle "EXT 2021"]
[Source "ChessBase"]
[SourceDate "2020.10.23"]
[SourceVersion "1"]
[SourceVersionDate "2020.10.23"]
[SourceQuality "1"]

1. e4 e5 2. Nf3 Nc6 3. d4 exd4 4. Bc4 Nf6 5. e5 d5 6. Bb5 Ne4 7. Nxd4 Bd7 8. Bxc6 bxc6 9. 0-0 Bc5 10. Be3 Bb6 11. f3 Ng5 12. f4 Ne4 13. Nd2 Nxd2 14. Qxd2 c5 15. Nb3 d4 16. Bf2 Bc6 17. Qd3 Qd5 18. Qg3 0-0-0 19. Rfd1 a5 20. a4 h5 21. h3 h4 22. Qg4+ Kb8 23. Rd2 Bd7 24. Qe2 Bc6 25. Be1 c4 26. Nxd4 Bxd4+ 27. Kh1 Qe6 28. Kh2 g5 29. Rad1 gxf4 30. Rxd4 Rdg8 31. Re4 f5 32. Qxc4 Rxg2+ 33. Kh1 Qg6 34. Bxa5 Rxc2 35. Qb3+ Kc8 36. Qf3 Bxe4 37. Qxe4 fxe4 38. Rg1 Qa6 39. Be1 Qe2 40. Bd2 Rxd2 41. a5 Qh2# 0-1

[Event "BRA-ch Amateur U1800"]
[Site "Sao Paulo"]
[Date "2018.05.31"]
[Round "2"]
[White "Caceres, Elton Carlos"]
[Black "Machado, Antonio Rodrigo"]
[Result "1/2-1/2"]
[WhiteElo "1798"]
[BlackElo "1707"]
[PlyCount "118"]
[EventDate "2018.05.31"]
[EventType "swiss"]
[EventRounds "7"]
[EventCountry "BRA"]
[SourceTitle "EXT 2021"]
[Source "ChessBase"]
[SourceDate "2020.10.23"]
[SourceVersion "1"]
[SourceVersionDate "2020.10.23"]
[SourceQuality "1"]

1. Nf3 Nf6 2. d4 d5 3. Bf4 e6 4. e3 c5 5. Bb5+ Bd7 6. Qe2 Nc6 7. c3 Be7 8. h3 a6 9. Bd3 0-0 10. Nbd2 Re8 11. 0-0 b5 12. dxc5 Bxc5 13. Bc2 e5 14. Bg5 Be7 15. Rfd1 Qc7 16. Rac1 Rac8 17. Nb3 Be6 18. Bb1 Qb6 19. Qc2 g6 20. Qe2 Nd7 21. Bxe7 Rxe7 22. Ng5 Ncb8 23. Qf3 e4 24. Qg3 h6 25. Nxe6 Qxe6 26. Nd4 Qe5 27. Qh4 Kg7 28. a3 Nb6 29. Qg4 Nc6 30. Ba2 f5 31. Qe2 Rd7 32. g3 Qe7 33. Kh2 Kf7 34. Rg1 Nxd4 35. cxd4 Rdc7 36. Qd2 Nc4 37. Bxc4 Rxc4 38. Rxc4 Rxc4 39. Rc1 Qc7 40. Rxc4 Qxc4 41. Kg2 Qc7 42. Qb4 Kg7 43. h4 Kf7 44. Qd2 a5 45. Qd1 a4 46. Qd2 Qc4 47. Qa5 Qb3 48. Qc7+ Kf6 49. Qe5+ Kf7 50. h5 Qc4 51. hxg6+ Kxg6 52. Qe6+ Kg5 53. Qf7 Qe2 54. Qg7+ Kh5 55. Qf7+ Kg5 56. Qxd5 Qf3+ 57. Kf1 Qd1+ 58. Kg2 Qf3+ 59. Kg1 Qd1+ 1/2-1/2

[Event "BRA-ch Amateur U1800"]
[Site "Sao Paulo"]
[Date "2018.05.31"]
[Round "1"]
[White "Machado, Antonio Rodrigo"]
[Black "Yokomizo, Wilton"]
[Result "1-0"]
[WhiteElo "1707"]
[BlackElo "1437"]
[PlyCount "59"]
[EventDate "2018.05.31"]
[EventType "swiss"]
[EventRounds "7"]
[EventCountry "BRA"]
[SourceTitle "EXT 2021"]
[Source "ChessBase"]
[SourceDate "2020.10.23"]
[SourceVersion "1"]
[SourceVersionDate "2020.10.23"]
[SourceQuality "1"]

1. d4 Nf6 2. Nf3 e6 3. Bf4 Bb4+ 4. c3 Ba5 5. Nbd2 0-0 6. e3 h6 7. h3 d6 8. Bd3 Nc6 9. 0-0 Re8 10. Qc2 Bd7 11. Bh2 e5 12. dxe5 dxe5 13. Rad1 Qe7 14. e4 a6 15. Nc4 b5 16. Ncxe5 Nxe5 17. Nxe5 Bb6 18. Kh1 Be6 19. f3 Be3 20. Rfe1 Bg5 21. f4 Bh4 22. g3 Bxg3 23. Bxg3 Bxh3 24. Qh2 Bc8 25. Bh4 Bb7 26. Rg1 Nxe4 27. Rxg7+ Kxg7 28. Bxe7 Nf2+ 29. Kg1 Nxd1 30. Qg3+ 1-0

[Event "Sao Paulo op-C U1700 7th"]
[Site "Sao Paulo"]
[Date "2018.03.31"]
[Round "4"]
[White "Machado, Antonio Rodrigo"]
[Black "De Oliveira, Francemir Barra"]
[Result "1-0"]
[WhiteElo "1673"]
[BlackElo "1593"]
[PlyCount "68"]
[EventDate "2018.03.30"]
[EventType "swiss"]
[EventRounds "6"]
[EventCountry "BRA"]
[SourceTitle "EXT 2021"]
[Source "ChessBase"]
[SourceDate "2020.10.23"]
[SourceVersion "1"]
[SourceVersionDate "2020.10.23"]
[SourceQuality "1"]

1. e4 e5 2. Nf3 Nc6 3. Nc3 d6 4. d4 Bg4 5. Bb5 a6 6. Bxc6+ bxc6 7. dxe5 Bxf3 8. Qxf3 dxe5 9. 0-0 Bd6 10. Qg3 g6 11. f4 Qe7 12. f5 0-0-0 13. Be3 f6 14. fxg6 Qg7 15. Qg4+ Rd7 16. h3 hxg6 17. Na4 Nh6 18. Qe6 Ng8 19. Nc5 Bxc5 20. Bxc5 Kd8 21. Qxc6 Ne7 22. Qxa6 f5 23. Rad1 Rd4 24. Qa4 c6 25. Bxd4 exd4 26. Rxd4+ Ke8 27. exf5 gxf5 28. Re1 Rg8 29. Qxc6+ Kf7 30. Rd7 Re8 31. Rexe7+ Rxe7 32. Rxe7+ Kxe7 33. Qc7+ Kf6 34. Qxg7+ Kxg7 1-0